00942nam a2200205Ia 4500008004100000082001500041100001700056245004700073250000800120260003800128300000800166650002000174700001800194700002000212942001200232999001500244952015000259952016600409952016100575191201s2018 xx 000 0 und d a616.07 JAT aJangme, C.M  0aText book of Principles of Pathophysiology a3rd bNirali PrakashanaNew Delhic2018 a406 aPathophysiology aWedulker, R.D aBurande, & Poul 2ddccBK c8394d8394 00102ddc40708DPaPIETbPIETd2019-03-26eKirti Prakashang350.00kIN 3253l0o616.07 JATpDP733r2019-12-04 00:00:00v259.00w2019-03-18yREF 00102ddc40708DPaPIETbPIETcR04d2019-03-26eKirti Prakashang350.00kIN 3253l4o616.07 JATpDP734r2021-12-20 00:00:00s2021-12-02v259.00w2019-03-18yBK 00102ddc40708DPaPIETbPIETd2019-03-26eKirti Prakashang350.00kIN 3253l1o616.07 JATpDP735r2022-12-09 00:00:00s2022-11-25v259.00w2019-03-18yBK